Années d'Euro de football - Mort subite - Statistiques

Statistiques générales
  • Ce quiz a été pris 260 fois
  • Le résultat moyen est 9 sur 16
Answers on the Grid
Answers color-coded by a green-red scale on the quiz's grid according to % correct below.
2024
2016
2012
2008
2004
2000
1996
1992
1988
1984
1980
1976
1972
1968
1964
1960
1952
1948
2022
2018
2014
2010
2006
2002
1998
1994
1990
1986
1982
1978
 
Statistiques - réponses
Réponse % Correct
2000
79%
2004
78%
2012
75%
2016
75%
2008
74%
1996
64%
2024
62%
1992
59%
1988
55%
1984
54%
1980
53%
1976
40%
1968
34%
1972
34%
1964
28%
1960
25%
Aucun quiz correspondant
Distribution des résultats
% des personnes avec chaque résultat
Percentile par nombre de réponses
Votre historique - résultats
Vous n’avez pas pris ce quiz